Track & Field Athletes by Country #2 - Men's Field - Statistics

General Stats
  • This quiz has been taken 6 times
  • The average score is 9 of 20
Answer Stats
Name Event Country % Correct
Jan Zelezny Javelin Czech Republic
83%
Mike Powell Long Jump United States
83%
Ivan Pedroso Long Jump Cuba
67%
Tero Pitkamaki Javelin Finland
67%
Jonathan Edwards Triple Jump Great Britain
67%
Mutaz Essa Barshim High Jump Qatar
67%
Sergey Bubka Pole Vault Ukraine
67%
Kyriakos Ioannou High Jump Cyprus
50%
Gerd Kanter Discus Estonia
50%
Lars Riedel Discus Germany
50%
Julius Yego Javelin Kenya
50%
Stefan Holm High Jump Sweden
50%
Balazs Kiss Hammer Hungary
33%
Koji Murofushi Hammer Japan
17%
Nelson Evora Triple Jump Portugal
17%
Majededdin Ghazal High Jump Syria
17%
Andrey Abduvaliyev Hammer Tajikistan
17%
Jerome Romain Triple Jump Dominica
0%
Aleksandr Averbukh Pole Vault Israel
0%
Irving Saladino Long Jump Panama
0%
No matching quizzes found
Score Distribution
Percent of People with Each Score
Percentile by Number Answered
Your Score History
You have not taken this quiz